[Event "Zhongshan zt 3.5"]
[Site "Zhongshan"]
[Date "2014.10.26"]
[Round "1"]
[White "Wu, Xibin"]
[Black "Zhou, Xiangheng"]
[Result "1-0"]
[WhiteElo "2278"]
[BlackElo "1682"]
[PlyCount "75"]
[EventDate "2014.10.26"]
[EventType "swiss"]
[EventRounds "11"]
[EventCountry "CHN"]
[SourceTitle "EXT 2015"]
[Source "ChessBase"]
[SourceDate "2014.11.20"]
[SourceVersion "1"]
[SourceVersionDate "2014.11.20"]
[SourceQuality "1"]

1. c4 c6 2. Nf3 Nf6 3. e3 d5 4. Qc2 e6 5. b3 Be7 6. Bb2 0-0 7. d4 a6 8. Nbd2 Nbd7 9. Bd3 h6 10. 0-0 c5 11. Rad1 b6 12. Ne5 Qc7 13. f4 Bb7 14. Ndf3 Rac8 15. f5 Bd6 16. Qf2 Ne4 17. Qh4 exf5 18. Qh3 Ndf6 19. Nh4 Ng5 20. Qxf5 Rce8 21. cxd5 Bc8 22. Qf2 Nxd5 23. Nhf3 Nxf3+ 24. Qxf3 Nxe3 25. Qxe3 cxd4 26. Qe4 f5 27. Qd5+ Be6 28. Qc6 Bxe5 29. Qxc7 Bxc7 30. Bxd4 Rd8 31. Bxa6 Ra8 32. Rfe1 Bxb3 33. axb3 Rxa6 34. Re7 Rf7 35. Rxf7 Kxf7 36. Bxg7 Bf4 37. Bd4 b5 38. Rf1 1-0

[Event "CHN-chT"]
[Site "Ningbo"]
[Date "2011.10.27"]
[Round "14"]
[White "Wu, Xibin"]
[Black "Zhou, Jianchao"]
[Result "1-0"]
[WhiteElo "2360"]
[BlackElo "2660"]
[PlyCount "77"]
[EventDate "2011.04.12"]
[EventType "team-tourn"]
[EventRounds "18"]
[EventCountry "CHN"]
[SourceTitle "EXT 2012"]
[Source "ChessBase"]
[SourceDate "2011.11.24"]
[SourceVersion "1"]
[SourceVersionDate "2011.11.24"]
[SourceQuality "1"]
[WhiteTeam "Sichuan"]
[BlackTeam "Shanghai"]
[WhiteTeamCountry "CHN"]
[BlackTeamCountry "CHN"]

1. e4 c5 2. Nf3 d6 3. d4 cxd4 4. Nxd4 Nf6 5. Nc3 a6 6. Bg5 Nbd7 7. Qe2 e6 8. f4 Qc7 9. g3 b5 10. Bg2 b4 11. Nd5 exd5 12. exd5+ Be7 13. Nc6 Nb8 14. Bxf6 gxf6 15. 0-0-0 Nxc6 16. dxc6 0-0 17. Rhe1 Ra7 18. g4 d5 19. Qf2 Qxc6 20. Qxa7 Bc5 21. Bxd5 Qxd5 22. Qc7 Qc4 23. Kb1 Be6 24. b3 Qc3 25. f5 Bd5 26. Re2 Bc4 27. bxc4 Bd4 28. Rxd4 Qxd4 29. Re1 a5 30. Qc6 Kg7 31. Qe4 Qd2 32. Qe3 Qg2 33. g5 Qc6 34. Qe7 Rg8 35. Re6 Qh1+ 36. Kb2 Rc8 37. Qxf6+ Kg8 38. g6 hxg6 39. fxg6 1-0